| 000 | 01077nam a22003497a 4500 | ||
|---|---|---|---|
| 001 | BR2016001254 | ||
| 003 | BR-BrBNA | ||
| 005 | 20230928104833.0 | ||
| 007 | ta | ||
| 008 | 230509b bl.||||| |||| 00| 0 por d | ||
| 040 |
_aBR-BrBNA _bpor _cBiblioteca Nacional de Agricultura |
||
| 041 | _a(Por) | ||
| 072 |
_aH10; H20 _b0336 |
||
| 090 | _ 0336 BR2016001254 | ||
| 100 | 1 | _aJuliatti, F.C. (org.) | |
| 100 | 1 | _aPolizel, A.C. (org.) | |
| 100 | 1 | _aHamawaki, O.T. (org.) | |
| 110 | 1 |
_aUniversidade Federal de Uberlândia, MG (Brasil) _910955 |
|
| 111 | 1 |
_a1. Workshop Brasileiro sobre a Ferrugem Asiática _c09-10 May 2005 |
|
| 245 | 1 | _a1. Workshop brasileiro sobre a ferrugem asiática: coletânea | |
| 260 | 3 |
_aUberlândia, MG (Brasil): _c2005. |
|
| 300 | _a229 p. | ||
| 500 | _aIncludes several bibliographies; 89 illus.; 38 tables | ||
| 650 | _aSOJA | ||
| 650 | _aFERRUGEM | ||
| 650 | _aDOENÇA DE PLANTA | ||
| 650 | _aPRAGA DE PLANTA | ||
| 650 | _aCONTROLE CULTURAL | ||
| 650 | _aEPIDEMIOLOGIA | ||
| 909 |
_a202309 _bLucia _c55 _dLucia Elande |
||
| 942 | _cBK | ||
| 999 |
_c81999 _d81999 |
||